| 000 | 00548nam a2200169 i 4500 | ||
|---|---|---|---|
| 001 | 32803 | ||
| 003 | ES-MaACL | ||
| 005 | 20230906154634.0 | ||
| 007 | t| | ||
| 008 | 030131s1972 sp ||||1| spa d | ||
| 100 | 1 |
_aBenito Ruano, Eloy. _927689 |
|
| 245 | 1 | 3 |
_aLa Orden de Santiago en Asturias / _cEloy Benito Ruano. |
| 260 |
_aOviedo : _bUniversidad, Departamento de Historia Medieval, _c1972. |
||
| 300 |
_a18 h., 4 lám. ; _c25 cm. |
||
| 500 | _aEs separata de: Asturiensia Medievalia, 1, p. 199-232. | ||
| 852 |
_aES-MaACL _j2094-F-41 _bR.91118 |
||
| 999 |
_c32803 _d32803 |
||